000 00677nam a2200205Ia 4500
005 20260429112325.0
008 260429s9999||||xx |||||||||||||| ||und||
020 _a9789390625048
041 _aHindi
082 _a891.430
_bNAW
100 _aनवल, नंद किशोर
245 0 _aरामधारी सिंह दिनकर रचनावली /
_cनंद किशोर नवल
250 _a2nd ed.
260 _aप्रयागराज :
_bलोकभारती प्रकाशन,
_c2021.
300 _a479 p.; hb
440 _vVol. 5
650 _aHindi Literature
700 _a कुमार, तरूण
942 _cTB
999 _c53492
_d53492